Employee training and development / (رقم التسجيلة. 26717)

تفاصيل مارك
000 -الفاتح
حقل البيانات ثابتة الطول 01387cam a2200301 a 4500
001 - رقم الضبط
رقم الضبط 320803024
003 - محدد رقم الضبط
رقم الضبط OSt
005 - وقت وتاريخ اخر تعامل مع التسجيلة
رقم الضبط 20150408114108.0
008 - عناصر البيانات ثابتة الطول - معلومات عامة
حقل البيانات ثابتة الطول 090625s2010 nyua b 001 0 eng
010 ## - رقم ضبط مكتبة الكونجرس
رقم ضبط مكتبة الكونجرس 2009025942
020 ## - الرقم الدولى المعيارى للكتب
الرقم الدولى المعيارى للكتاب 9780073530345 (alk. paper)
020 ## - الرقم الدولى المعيارى للكتب
الرقم الدولى المعيارى للكتاب 0073530344 (alk. paper)
020 ## - الرقم الدولى المعيارى للكتب
الرقم الدولى المعيارى للكتاب 9780071267786 (Int. ed.)
020 ## - الرقم الدولى المعيارى للكتب
الرقم الدولى المعيارى للكتاب 0071267786 (Int. ed.)
035 ## - رقم ضبط النظام
رقم ضبط النظام (OCoLC)320803024
040 ## - مصدر الفهرسة
وكالة الفهرسة الأصلية DLC
لغة الفهرسة eng
وكالة النسخ DLC
وكالة التعديل BTCTA
-- C#P
-- YDXCP
-- CDX
-- DEBBG
-- OCL
-- OQ@
-- UKM
050 00 - رقم طلب مكتبة الكونجرس
رقم التصنيف HF5549.5.T7
رقم المادة N59 2010
082 ## - رقم تصنيف ديوى العشرى
رقم التصنيف 658.3124
رقم المادة NRE
100 1# - المدخل الرئيسى - إسم شخصى
الإسم الشخصى Noe, Raymond A.
9 (RLIN) 4185
245 10 - بيان العنوان
العنوان Employee training and development /
بيان المسئوليه,etc Raymond A. Noe.
250 ## - بيان الطبعة
بيان الطبعة 5th ed.
260 ## - PUBLICATION, DISTRIBUTION, ETC. (IMPRINT)
مكان الناشر او الموزع New York :
اسم الناشر او الموزع McGraw-Hill Irwin,
تاريخ النشر أو التوزيع c2010.
300 ## - الوصف المادى
التعداد xvii, 589 p. :
تفاصيل ماديه اخرى للوعاء ill. ;
أبعاد الوعاء 24 cm.
504 ## - تبصرة ببليوجرافية
تبصرة ببليوجرافية,الخ Includes bibliographical references and indexes.
505 0# - تبصرة محتويات-الفهرس
تبصرة المحتويات المصاغة Introduction to employee training and development -- Strategic training -- Needs assessment -- Learning : theories and program design -- Transfer of training -- Training evaluation -- Traditional training methods -- E-learning and use of technology in training -- Employee development -- Special issues in training and employee development -- Careers and career management -- Special challenges in career management -- The future of training and development.
650 #0 - المدخل الاضافى بالموضوع-مصطلح موضوعى
مصطلح موضوعي أو اسم جغرافي كعنصر مدخل Employees
التقسيم الفرعي العام Training of.
9 (RLIN) 19252
942 ## - عناصر المدخل الإضافي( كوها)
مصدر التصنيف او مخطط الترفيف Dewey Decimal Classification
Koha [default] item type DVD
المقتنيات
حالة الفقد نموذج السعر الفعال حالة تلف ليس للاعارة رقم الطلب تاريخ الاكتساب الموقع الحالي الباركود الفرع الرئيسي Date last seen نوع المادة فى نظام كوها مصدر التصنيف او خطة الترفيف Total Checkouts
  2013-03-10     658.3124 NRE 2012-12-29 المكتبة المركزية بالمجمعة (CL) 00401718 المكتبة المركزية بالمجمعة (CL) 2013-03-10 كتاب Dewey Decimal Classification  
  2013-03-10     658.3124 NRE 2012-12-29 المكتبة المركزية بالمجمعة (CL) 00401719 المكتبة المركزية بالمجمعة (CL) 2013-03-10 كتاب Dewey Decimal Classification  
  2013-03-10     658.3124 NRE 2013-01-05 المكتبة المركزية بالمجمعة (CL) 00401477 المكتبة المركزية بالمجمعة (CL) 2013-03-10 كتاب Dewey Decimal Classification